[Event "Hastings Weekend op"]
[Site "Hastings"]
[Date "2023.01.07"]
[Round "1"]
[White "Eames, Robert"]
[Black "Patel, Zain"]
[Result "1-0"]
[WhiteElo "2136"]
[BlackElo "1806"]
[PlyCount "123"]
[EventDate "2023.01.07"]
[EventType "swiss"]
[EventRounds "5"]
[EventCountry "ENG"]
[SourceTitle "CBM 212 Extra"]
[Source "ChessBase"]
[SourceDate "2023.03.31"]
[SourceVersion "1"]
[SourceVersionDate "2023.03.31"]
[SourceQuality "1"]

1. e4 c6 2. d4 d5 3. e5 c5 4. dxc5 e6 5. a3 Bxc5 6. b4 Bb6 7. Nf3 Ne7 8. Bd3 Ng6 9. 0-0 0-0 10. Ng5 Qc7 11. Qh5 h6 12. Nxf7 Qxf7 13. Qxg6 Qxg6 14. Bxg6 Bd4 15. Ra2 Bxe5 16. Nd2 Bc3 17. f4 Nc6 18. Nb3 Nd4 19. Nxd4 Bxd4+ 20. Kh1 e5 21. f5 b6 22. a4 e4 23. g4 Bb7 24. h4 Bc3 25. Bb2 Rac8 26. g5 e3 27. Bxc3 d4+ 28. Kh2 Rxc3 29. f6 Bd5 30. Raa1 Rfc8 31. Rfd1 hxg5 32. Rxd4 Bf7 33. Bd3 R3c6 34. hxg5 gxf6 35. g6 Bc4 36. Be4 Re6 37. Bf5 Kg7 38. Bxe6 Bxe6 39. Re4 Rxc2+ 40. Kg3 Bd5 41. Rxe3 Kxg6 42. Rd1 Rg2+ 43. Kh3 Rg5 44. Re7 Bf3 45. Rd6 Kf5 46. Rxa7 Kf4 47. Rxf6+ Ke3 48. Re7+ Kf2 49. Rxf3+ Kxf3 50. Rf7+ Ke4 51. Rf6 b5 52. a5 Kd4 53. Rc6 Rd5 54. Kg3 Kd3 55. Rc5 Kd4 56. Rxd5+ Kxd5 57. Kf4 Kc4 58. a6 Kxb4 59. a7 Kc3 60. a8Q b4 61. Qa1+ Kc2 62. Qa2+ 1-0

[Event "Hastings Masters op"]
[Site "Hastings"]
[Date "2023.01.03"]
[Round "7"]
[White "Gordon, Frederick"]
[Black "Eames, Robert"]
[Result "1-0"]
[WhiteElo "2069"]
[BlackElo "2136"]
[PlyCount "125"]
[EventDate "2022.12.28"]
[EventType "swiss"]
[EventRounds "10"]
[EventCountry "ENG"]
[SourceTitle "CBM 212 Extra"]
[Source "ChessBase"]
[SourceDate "2023.03.31"]
[SourceVersion "1"]
[SourceVersionDate "2023.03.31"]
[SourceQuality "1"]

1. e4 e5 2. Nf3 Nc6 3. Bc4 Nf6 4. Ng5 d5 5. exd5 Na5 6. Bb5+ c6 7. dxc6 bxc6 8. Bd3 Nd5 9. Nf3 Bd6 10. 0-0 0-0 11. Re1 f5 12. Nxe5 Qf6 13. Nf3 g5 14. c4 Nf4 15. Bf1 g4 16. d4 gxf3 17. Qxf3 Ne6 18. c5 Bc7 19. b4 Qh4 20. g3 Qxd4 21. Qc3 f4 22. Bb2 Qxc3 23. Bxc3 fxg3 24. hxg3 Nb7 25. Nd2 a5 26. a3 Nbd8 27. Bc4 h5 28. Ne4 Kh7 29. Ng5+ Nxg5 30. Re7+ Kg6 31. Rg7+ Kh6 32. Rxc7 Nh3+ 33. Kh1 Nxf2+ 34. Kg2 Bh3+ 35. Kg1 Rf3 36. Bd2+ Kg6 37. Be2 Rf8 38. bxa5 Be6 39. Rf1 Nh3+ 40. Kh2 Rxf1 41. Bxf1 Ng5 42. Bg2 Ra6 43. Bf1 Ra8 44. Bg2 Rc8 45. Bf4 Rxc7 46. Bxc7 Ngf7 47. Bh3 Bc4 48. Bc8 Ne6 49. Bb6 Ne5 50. a6 Bxa6 51. Bxa6 Nd7 52. Bb7 Nexc5 53. Bxc5 Nxc5 54. Bxc6 Kg5 55. Kh3 Nd3 56. a4 Nf2+ 57. Kg2 Nd3 58. Bb5 Nc5 59. Kh3 Nb3 60. Bc4 Na5 61. Bd5 Kh6 62. Kh4 Kg6 63. Bf3 1-0

[Event "Hastings Masters op"]
[Site "Hastings"]
[Date "2022.12.31"]
[Round "4"]
[White "Bazakutsa, Svyatoslav"]
[Black "Eames, Robert"]
[Result "1-0"]
[WhiteElo "2318"]
[BlackElo "2136"]
[PlyCount "57"]
[EventDate "2022.12.28"]
[EventType "swiss"]
[EventRounds "10"]
[EventCountry "ENG"]
[SourceTitle "CBM 212 Extra"]
[Source "ChessBase"]
[SourceDate "2023.03.31"]
[SourceVersion "1"]
[SourceVersionDate "2023.03.31"]
[SourceQuality "1"]

1. c4 c5 2. Nf3 Nc6 3. d4 cxd4 4. Nxd4 Nf6 5. Nc3 e6 6. g3 Qb6 7. Nf3 Bb4 8. Qc2 d5 9. cxd5 exd5 10. a3 Bxc3+ 11. Qxc3 d4 12. Qd3 0-0 13. Bg2 Re8 14. 0-0 Ne4 15. b4 Nd6 16. Bb2 Bf5 17. Qd1 Nb5 18. Rc1 Rad8 19. Qd2 a5 20. bxa5 Nxa5 21. Qb4 d3 22. a4 dxe2 23. Rfe1 Bd3 24. axb5 Qxb5 25. Qxb5 Bxb5 26. Rc5 Bc6 27. Rxa5 Rd1 28. Ra1 Red8 29. Nd4 1-0

[Event "GBR-ch 108th"]
[Site "Torquay"]
[Date "2022.08.15"]
[Round "3"]
[White "Gormally, Daniel"]
[Black "Eames, Robert"]
[Result "1-0"]
[WhiteElo "2466"]
[BlackElo "2112"]
[PlyCount "55"]
[EventDate "2022.08.13"]
[EventType "swiss"]
[EventRounds "9"]
[EventCountry "ENG"]
[SourceTitle "CBM 209 Extra"]
[Source "ChessBase"]
[SourceDate "2022.09.30"]
[SourceVersion "1"]
[SourceVersionDate "2022.09.30"]
[SourceQuality "1"]

1. d4 e6 2. e4 d5 3. Nd2 Nf6 4. e5 Nfd7 5. Bd3 c5 6. c3 Nc6 7. Ngf3 Be7 8. 0-0 g5 9. dxc5 g4 10. Nd4 Ndxe5 11. Bb5 Bd7 12. Bxc6 bxc6 13. b4 h5 14. Qe2 Qc7 15. f4 gxf3 16. N2xf3 f6 17. Nxe5 Qxe5 18. Qf2 Qe4 19. Re1 Qg4 20. h3 Qg8 21. c4 dxc4 22. Bb2 e5 23. Nf5 Qg5 24. Nxe7 Kxe7 25. Re3 Rag8 26. Rae1 Kd8 27. Rf3 Rg6 28. Bc1 1-0

[Event "Titled Tuesday intern op 29th Mar Late"]
[Site "Chess.com INT"]
[Date "2022.03.29"]
[Round "11"]
[White "Desideri, Ricardo Maruchi"]
[Black "Eames, Robert"]
[Result "1-0"]
[WhiteElo "1939"]
[BlackElo "2140"]
[PlyCount "73"]
[EventDate "2022.03.29"]
[EventType "swiss (blitz)"]
[EventRounds "11"]
[EventCountry "USA"]
[SourceTitle "CBM 207 Extra"]
[Source "ChessBase"]
[SourceDate "2022.05.31"]
[SourceVersion "1"]
[SourceVersionDate "2022.05.31"]
[SourceQuality "1"]

1. e4 e6 2. d4 d5 3. e5 c5 4. c3 Nc6 5. Nf3 Qb6 6. a3 c4 7. Nbd2 Na5 8. Rb1 Bd7 9. Be2 Ne7 10. 0-0 h6 11. b4 cxb3 12. c4 Ba4 13. c5 Qc6 14. Bb2 Ng6 15. Bc3 b6 16. Bxa5 bxa5 17. Nxb3 Rc8 18. Qd2 Bxb3 19. Rxb3 Qc7 20. Rfb1 Be7 21. Rb7 Qd8 22. Bb5+ Kf8 23. Rd7 Qe8 24. Rxa7 Qd8 25. Rd7 Qe8 26. Rxd5 exd5 27. Bxe8 Rxe8 28. Qxa5 Kg8 29. Rb7 Kh7 30. Qb5 Nf4 31. h3 g5 32. a4 Kg7 33. a5 Ng6 34. a6 Ra8 35. a7 Rhc8 36. Rb8 Rd8 37. Rxd8 1-0

[Event "Titled Tuesday intern op 29th Mar Late"]
[Site "Chess.com INT"]
[Date "2022.03.29"]
[Round "8"]
[White "Vifleemskaia, Svetlana"]
[Black "Eames, Robert"]
[Result "1-0"]
[WhiteElo "1926"]
[BlackElo "2140"]
[PlyCount "57"]
[EventDate "2022.03.29"]
[EventType "swiss (blitz)"]
[EventRounds "11"]
[EventCountry "USA"]
[SourceTitle "CBM 207 Extra"]
[Source "ChessBase"]
[SourceDate "2022.05.31"]
[SourceVersion "1"]
[SourceVersionDate "2022.05.31"]
[SourceQuality "1"]

1. d4 e6 2. c4 f5 3. Nf3 Nf6 4. Bf4 b6 5. Qc2 Bb7 6. Nc3 Bd6 7. e3 Bxf4 8. exf4 0-0 9. Be2 Qe7 10. 0-0 Nc6 11. a3 a5 12. Rad1 Nd8 13. d5 Nf7 14. Ne5 Nxe5 15. fxe5 Ng4 16. Bxg4 fxg4 17. Qe4 Qg5 18. Qe3 Qh5 19. Rd4 Rf5 20. Re1 Raf8 21. Qg3 Rxf2 22. Rxg4 R2f7 23. Ne4 exd5 24. Nf6+ Rxf6 25. Rxg7+ Kh8 26. exf6 dxc4 27. f7 Bd5 28. Qc3 Bxf7 29. Rg5# 1-0

[Event "BCF-chT 2122 (4NCL)"]
[Site "England"]
[Date "2021.11.28"]
[Round "2.17"]
[White "Hunt, Harriet"]
[Black "Eames, Robert"]
[Result "1-0"]
[WhiteElo "2400"]
[BlackElo "2140"]
[PlyCount "85"]
[EventDate "2021.11.27"]
[EventType "team-swiss"]
[EventRounds "11"]
[EventCountry "ENG"]
[SourceTitle "EXT 2023"]
[Source "ChessBase"]
[SourceDate "2022.10.05"]
[SourceVersion "1"]
[SourceVersionDate "2022.10.05"]
[SourceQuality "1"]
[WhiteTeam "Wood Green"]
[BlackTeam "Blackthorne Russia"]
[WhiteTeamCountry "ENG"]
[BlackTeamCountry "ENG"]

1. e4 e5 2. Nf3 Nc6 3. Bb5 f5 4. Nc3 fxe4 5. Nxe4 Nf6 6. Qe2 d5 7. Nxf6+ gxf6 8. d4 Bg7 9. dxe5 0-0 10. e6 Ne5 11. 0-0 c6 12. Bd3 Bxe6 13. Nd4 Bg4 14. f3 Bd7 15. Bf5 Re8 16. f4 Qb6 17. Qf2 Ng4 18. Bxg4 Bxg4 19. h3 Bd7 20. c3 c5 21. Nb3 Bb5 22. Rd1 c4 23. Nd4 Re4 24. Be3 Rae8 25. Re1 Bd7 26. Rad1 Qa6 27. a3 f5 28. Nf3 Qd6 29. g3 Ba4 30. Rc1 b6 31. Bd4 Qg6 32. Bxg7 Qxg7 33. Ng5 R4e7 34. Rxe7 Qxe7 35. Nf3 Qc5 36. Nd4 Bd7 37. Qf3 Re4 38. Rd1 b5 39. Qh5 Qe7 40. Kf2 a5 41. Nxf5 Bxf5 42. Qxf5 Re2+ 43. Kf1 1-0